| 000 | 00576nam a2200157 a 4500 | ||
|---|---|---|---|
| 008 | 120416s1971 ||||||||||||||||| || u | ||
| 050 | _aQE 511.5 Tar | ||
| 100 | _aTarling, D. H | ||
| 245 | 1 | 0 | _aContinental drift: a study of the earth's moving surface |
| 260 |
_aLondon _bG. Bell & Sons _c1971 |
||
| 300 | _a(9), 112p. : ill | ||
| 350 | _a0.00 | ||
| 650 | _aGEOGRAPHY | ||
| 650 | _aCONTINENTAL DRIFT | ||
| 995 |
_D0.00 _FCBU-MAIN LIBRARY (Kitwe) _H1 _I2.40 _M1 _UAVAILABLE _WMar 21, 2007 _ZMain Library Open Access Collection |
||
| 999 |
_c38664 _d38664 |
||